000 00389nam a22001697a 4500
005 20160629155042.0
008 160629b xxu||||| |||| 00| 0 eng d
020 _a81-85749-48-5
041 _aeng
082 _b12762
100 _asingal, R K
_93151
245 _aAutomobile Engineering
260 _bKatson
_c2011
300 _a331
650 _aDiploma Engineering
_9817
942 _cBK
999 _c4740
_d4738